The pattern of responsibility / (Record no. 42177)
[ view plain ]
| 000 -LEADER | |
|---|---|
| fixed length control field | 01084nam a2200313 a 4500 |
| 001 - CONTROL NUMBER | |
| control field | 42177 |
| 003 - CONTROL NUMBER IDENTIFIER | |
| rucl marc code | (BD-RJUL) |
| 005 - DATE AND TIME OF LATEST TRANSACTION | |
| control field | 20211209053514.0 |
| 008 - FIXED-LENGTH DATA ELEMENTS--GENERAL INFORMATION | |
| fixed length control field | 160611t19521951mau b 001 0 eng |
| 035 ## - SYSTEM CONTROL NUMBER | |
| System control number | MITb10460865 |
| System control number | (OCoLC)01627527 |
| -- | (BD-RJUL) 42295 |
| System control number | GLIS00460865 |
| System control number | (OCoLC)00261696 |
| 040 ## - CATALOGING SOURCE | |
| Original cataloging agency | DLC |
| Transcribing agency | DZM |
| Modifying agency | m.c. |
| -- | OCL |
| -- | SLU |
| -- | OCL |
| -- | YNG |
| -- | RCD |
| -- | (BD-RJUL) |
| Language of cataloging | eng |
| 041 ## - LANGUAGE CODE | |
| Language code of text/sound track or separate title | eng |
| 082 ## - DEWEY DECIMAL CLASSIFICATION NUMBER | |
| Edition number | 23 |
| Classification number | 327.72 |
| Author mark and year | ACP 1952 |
| 090 ## - LOCALLY ASSIGNED LC-TYPE CALL NUMBER (OCLC); LOCAL CALL NUMBER (OCLC) | |
| Classification number (OCLC) (R) ; Classification number, CALL (RLIN) (NR) | E744 |
| Local cutter number (OCLC) ; Book number/undivided call number, CALL (RLIN) | .A177 |
| 099 ## - LOCAL FREE-TEXT CALL NUMBER (OCLC) | |
| Bangla Class number | E744.A177 |
| 100 1# - MAIN ENTRY--PERSONAL NAME | |
| Personal name | Acheson, Dean, |
| Dates associated with a name | 1893-1971. |
| 9 (RLIN) | 129712 |
| 245 14 - TITLE STATEMENT | |
| Title | The pattern of responsibility / |
| Statement of responsibility, etc. | edited by McGeorge Bundy from the record of Secretary of State Dean Acheson ; introduction by Douglas Southall Freeman. |
| 260 ## - PUBLICATION, DISTRIBUTION, ETC. (IMPRINT) | |
| Place of publication, distribution, etc. | Boston : |
| Name of publisher, distributor, etc. | Houghton Mifflin, |
| Date of publication, distribution, etc. | 1952, [c1951]. |
| 300 ## - PHYSICAL DESCRIPTION | |
| Pagination | xxi, 309 p. ; |
| Size | 21 cm. |
| 504 ## - BIBLIOGRAPHY, ETC. NOTE | |
| Bibliography, etc | Includes bibliographical references and index. |
| 651 #0 - SUBJECT ADDED ENTRY--GEOGRAPHIC NAME | |
| Geographic name | United States |
| General subdivision | Foreign relations |
| Chronological subdivision | 1945-1989. |
| 9 (RLIN) | 129713 |
| 700 1# - ADDED ENTRY--PERSONAL NAME | |
| Personal name | Bundy, McGeorge. |
| 942 ## - ADDED ENTRY ELEMENTS (KOHA) | |
| Source of classification or shelving scheme | Dewey Decimal Classification |
| Koha item type | Books |
| 949 ## - LOCAL PROCESSING INFORMATION (OCLC) | |
| a | MYGD |
| b | 39080003742340 |
| Lost status | Source of classification or shelving scheme | Damaged status | Not for loan | Collection code | Permanent Location | Current Location | Shelving location | Date acquired | Source of acquisition | Total Checkouts | Full call number | Date last seen | Copy number | Koha item type |
|---|---|---|---|---|---|---|---|---|---|---|---|---|---|---|
| Dewey Decimal Classification | Non-fiction | Central Library, University of Rajshahi | Central Library, University of Rajshahi | 20/02/1958 | U.S.I.S Dacca | 327.72 ACP 1952 | 11/06/2016 | C-2 | Books |